LEADER 01267nam a2200253 i 4500 001 000000155933 003 CaOOAMICUS 005 20061123000000.0 008 061123s1970 it u000 u ita u 013 $a133287 040 $aSeMil$bita 240 12$aL'opera completa di Carlo Carrą : 1910-1930.$0(OLS)http://semarc/title/228488 245 12$aL'opera completa di Carrą :$bdal futurismo alla metafisica e al realismo mitico. 1910-1930 /$cpresentazione di Piero Bigongiari ; apparati critici e filologici di Massimo Carrą. 260 $aMilano :$bRizzoli,$c1970. 300 $a115 p. :$bill. ;$c32 cm. 490 0 $aClassici dell'arte ;$v44 500 $aContiene : Bibliografia essenziale. - In appendice : Principale opera grafica. 700 1 $aCarrą, Massimo.$0(OLS)http://semarc/name/8449 700 1 $aBigongiari, Piero,$d<1914- >.$0(OLS)http://semarc/name/8194 830 0$aClassici dell'arte ;$v44.$0(OLS)http://semarc/title/529 850 $aSeMil 852 $aSeMil$W1$xVenegono$y1$m5L XI 44$j107759$B107759$CSeMilBibl$Z2$F117385 $81 996 $6245$aL'opera completa di Carrą :$bdal futurismo alla metafisica e al realismo mitico. 1910-1930$9(OLS)http://semarc/title/228487 996 $6260$aMilano :$bRizzoli$9(OLS)http://semarc/publisher/29824 LEADER 01550nam a2200241 i 4500 001 000000235720 003 CaOOAMICUS 005 20230406094023.0 008 141113s1738 it u000 u ita u 026 $ai-99 sala nea, orqu (3) 1738 (R) 040 $aSeMil$bita 245 10$aContinuazione della quarta parte, che comprende tutte le differenti Congregazioni, gli Ordini Militari, e le Canonachesse, che sono state soggette alla Regola di San Benedetto .. 300 $aVI, [2], 487, [1] p. 500 $aSegn.: ?4 A-3M4 3N2 3O-3P4 3Q2A-3T4 3V2 773 0 $aHelyot, Pierre$tStoria degli ordini monastici, religiosi, e militari, e delle congregazioni secolari dell'uno, e l'altro sesso, fino al presente istituite, con le vite de' loro fondatori, e riformatori. Tomo 1. [-8.] ... Tradotto dal franzese dal p. Giuseppe Francesco Fontana milanese cherico regolare della Congregazione della Madre di Dio.$dIn Lucca : Per Giuseppe Salani, e Vincenzo Giuntini, 1737-1739.$g6$w()29644 850 $aSeMil 852 $aSeMil$W1$xVenegono$y1$m3B III 71 FA$j186066$B186066$CSeMilBibl$Z2$F196939 $8I 852 $aSeMil$W1$xVenegono$y1$m3D V 23 FA$j178860$B178860$CSeMilBibl$Z2$F189874 $8I 941 1 $a10 961 $aLascito: Bidoglio don Maurizio 961 $aRecupero: Mantegazza 996 $6245$aContinuazione della quarta parte, che comprende tutte le differenti Congregazioni, gli Ordini Militari, e le Canonachesse, che sono state soggette alla Regola di San Benedetto ..$9(OLS)http://semarc/title/327118